| 000 | 01596 a2200229 4500 | ||
|---|---|---|---|
| 008 | 091117s2010 enka g b 001 0 eng d | ||
| 020 | _a9780826489920 (hbk.) | ||
| 020 | _a0826489923 (hbk.) | ||
| 020 | _a9780826489937 (pbk.) | ||
| 020 | _a0826489931 (pbk.) | ||
| 082 | 0 | 0 |
_a407.2 _222 _bRMR |
| 245 | 0 | 0 |
_aResearch methods in linguistics / _cedited by Lia Litosseliti. |
| 260 |
_aLondon ; _aNew York : _bContinuum, _c2010. |
||
| 300 |
_axi, 227 p. : _bill. ; _c24 cm. |
||
| 490 | 1 | _aResearch methods in linguistics | |
| 504 | _aIncludes bibliographical references and index. | ||
| 505 | 0 | _aIntroduction / Lia Litosseliti -- Part I. Issues. Research questions in linguistics / Jane Sunderland -- Quantitative, qualitative or both? Combining methods in linguistic research / Jo Angouri -- Part II. Quantitative and corpus research methods. Quantitative methods: concepts, frameworks and issues / Sebastian M. Rasinger -- Organizing and processing your data: the nuts and bolts of quantitative analyses / Erez Levon -- Corpus methods in linguistics / Paul Baker -- Part III. Qualitative research methods. Discourse-analytic approaches to text and talk / Judith Baxter -- Linguistic ethnography / Angela Creese -- Contemplating interviews and focus groups / Nigel Edley and Lia Litosseliti -- Multimodal analysis: key issues / Jeff Bezemer and Carey Jewitt -- Narrative analysis in linguistic research / Julio C. Gimenez. | |
| 650 | 0 |
_aLinguistics _xResearch _xMethodology _948140 |
|
| 700 | 1 |
_aLitosseliti, Lia. _948141 |
|
| 830 | 0 |
_aResearch methods in linguistics _948142 |
|
| 942 |
_2ddc _cBOOK |
||
| 999 |
_c37207 _d271707 |
||